Регионална библиотека "Любен Каравелов" - Русе

Свободен ли е человек? (Запис номер 134038)

MARC детайли
000 -Лидер
Контролно поле с фиксирана дължина nam a22 a 4500
003 - Код на организацията, давaща контролен номер
Контролно поле BLK
005 - Дата и час на последна редакция
Контролно поле 20201013145524.0
008 - Елементи от данни с фиксирана дължина
fixed length control field 180409b bul|||||r ||||||| ||bul||
010 ## - Наследен системен номер
LC control number KNG00139942000
040 ## - Източник на каталожния запис
Идентификатор на билиотеката - собственик на записа BLK
041 ## - Код за език
Код за езика на текст/звукозапис или на отделно заглавие Български
Код за езика КДБФ Български
072 #7 - Код за тематичната категория
Код организация bullib
Код за тематична категория Ц
Текст Редки и ценни
080 ## - УДК
Текстов определител УДК Според отношението към проблема за духа и свободата на волята. Вж и 159. 947;17. 021;23
УДК код - определител по УДК 141.5
УДК - код + определител 141.5
080 ## - УДК
Текстов определител УДК Воля. Желание. Свобода на волята. Избор. Решение. Възпитаване на волята. Детерминация. Самодисциплина. Намерения. Подбуди. Желания
УДК код - определител по УДК 159.947
УДК - код + определител 159.947
100 1# - Редна дума - Автор
Автор Renard, Georges
Авторска отговорност първи автор
R(LIN) 324224
139 ## - Редно поле
Редна дума Ренар, Жорж Франсоа
Авторски знак Рен - Р 52
245 10 - Сведения за заглавието
Заглавие Свободен ли е человек?
Редно поле (дума) Georges Renard; * Жорж Франсоа Ренар; прев. от фр. Х. Ч.; прев. от фр. Т. С..
257 ## - Страна на издаване
Страна на създаване/издаване Франция
260 ## - Област на издателските данни
Име на издателя, разпространителя и проч. книж. Г. Н. Петков и сие
Година на издаване 1896
Печатница Казанлък : печ. Надежда
Място на издаване, разпространение и проч. Казанлък
300 ## - Физическа характеристика
Страници 155, III, II с.
Размери/Мащаб 18 см
380 ## - Жанр
Жанр Философия
500 ## - Общи забележки
Забележка На кор. изд. 1897.
650 #4 - Допълнително описание по предмет – тема
Основно описание – тема или топоним Свобода - философски проблеми
9 (RLIN) 281211
650 #4 - Допълнително описание по предмет – тема
Основно описание – тема или топоним Свобода на личността
9 (RLIN) 246163
650 #4 - Допълнително описание по предмет – тема
Основно описание – тема или топоним Свобода на съвестта
9 (RLIN) 323902
653 ## - Ключова дума – ненормативна
Ключова дума свобода
653 ## - Ключова дума – ненормативна
Ключова дума свобода на личността
659 ## - Тематичен бюлетин
Тематичен бюлетин Ц
700 1# - Други автори (авторска отговорност)
Лично име Ренар, Жорж Франсоа
Автороска отговорност (Описва отношението между автора и произведението) *
9 (RLIN) 324225
700 1# - Други автори (авторска отговорност)
Лично име Х. Ч.
Автороска отговорност (Описва отношението между автора и произведението) прев. от фр.
9 (RLIN) 324226
700 1# - Други автори (авторска отговорност)
Лично име Т. С.
Автороска отговорност (Описва отношението между автора и произведението) прев. от фр.
9 (RLIN) 324227
852 ## - Местоположение
Форматна сигнатура Рб 896
Фондова буква Редки и ценни
856 4# - Електронен адрес и достъп
Електронен формат pdf - файл
856 4# - Електронен адрес и достъп
Електронен формат pdf - файл
999 ## - СИСТЕМНИ КОНТРОЛНИ НОМЕРА
Koha biblionumber 134038
Koha biblioitemnumber 134038
942 ## - АРТИКУЛИ
Вид на библиотечния материал Книги
Скрит в OPAC Не
Периодичен библиозапис Да
944 ## - СЪЗДАВАНЕ И РЕДАКЦИЯ на ЗАПИСА
Създаване/Редакция Създаване
Дата на регистрацията/редакция 22.02.2013
Статус, дата на статуса ф / 22.02.2013
Служител, извършил регистрацията/редакцията Наталия_Медовщикова
944 ## - СЪЗДАВАНЕ И РЕДАКЦИЯ на ЗАПИСА
Създаване/Редакция Редакция
Дата на регистрацията/редакция 22.02.2013
Статус, дата на статуса ф / 22.02.2013
999 ## - СИСТЕМНИ КОНТРОЛНИ НОМЕРА
Koha biblioitemnumber 134038
Наличности
Код за отписване Код за изгубен артикул Източник на класификационната схема Код за повреда Коз за рестрикции Код за отдаване Артикулен № Име на библиотеката - собственик Име на библиотеката, в която се намира в момента Статус (Текущо местоположение) Дата на вписване в системата Местоположение - отдел Цена в лева Инвентарен номер Систематично азбучна сигнатура Баркод Номер на екземпляра Цена в евро Служебна бележка Служебен тип на артикула
  Не е изгубен Universal Decimal Classification Не е повреден само за читалня Специални фондове ( старопечатни, редки и ценни, фонд М. Арнаудов) 218793 Регионална библиотека "Любен Каравелов" Русе Регионална библиотека "Любен Каравелов" Русе Редки и ценни 1896-01-01 Редки и ценни 0.13 16309 Рб 896 900000036147 1 0.07 N: стар фонд Дата: 01.01.1896 Дата инв: 15.12.2016 Бележки инв: Рц2016 Книги
Vip Innovations Ltd, Rousse, Bulgaria 2025